000
00292nam a22001337a 4500
008
170503b xxu||||| |||| 00| 0 eng d
020
_a
9780262582582
041
_a
eng
080
_a
34
100
_a
14
101
_a
SHJ
245
_a
TRUTH AND JUSTIFICATION
_c
FULTNER, B
942
_2
udc
_c
BK
999
_c
12487
_d
12487